Statističeskaja teorija avtomatičeskich sistem s dinamičeskoj častotno-impul'snoj moduljacijej

Gespeichert in:
Bibliographische Detailangaben
1. Verfasser: Popkov, Jurij Solomonovič
Weitere Verfasser: Ašimov, Abdykappar Ašimovič, Aszubajev, Kanat Šajchanovič
Format: Buch
Sprache:Russisch
Veröffentlicht: Moskva Nauka 1988
Ausgabe:1. izd.
Tags: Tag hinzufügen
Keine Tags, Fügen Sie das erste Tag hinzu!

MARC

LEADER 00000nam a2200000 4500
001 c028007
005 20250701095049.6
041 0 |a rus 
044 |a RU 
245 1 0 |a Statističeskaja teorija avtomatičeskich sistem s dinamičeskoj častotno-impul'snoj moduljacijej  |c Jurij Solomonovič Popkov, Abdykappar Ašimovič Ašimov, Kanat Šajchanovič Aszubajev 
250 |a 1. izd. 
264 1 |a Moskva  |b Nauka  |c 1988 
300 |a 254 s. 
100 1 |a Popkov, Jurij Solomonovič 
700 1 |a Ašimov, Abdykappar Ašimovič 
700 1 |a Aszubajev, Kanat Šajchanovič